Statistiques concernant Pays qui pratiquent encore officiellement la polygamie

Cliquez ici pour prendre le quiz!

Statistiques générales

  • Ce quiz a été pris 103 fois
    (90 depuis la dernière actualisation)
  • Le résultat moyen est 36 sur 48

Statistiques - réponses

HintRéponse% Correct
afriquealgerie
94%
afriqueegypte
94%
afriquemaroc
94%
afriquemauritanie
92%
afriquemali
91%
asiearabie saoudite
89%
afriquesenegal
89%
afriquesoudan
89%
asieiran
87%
asieindonesie
86%
afriquelibye
86%
asieirak
85%
afriqueniger
85%
afriquesomalie
84%
afriquenigeria
82%
asiepakistan
81%
asieqatar
81%
afriquetchad
81%
asieyemen
81%
asieinde
78%
asieoman
78%
afriquesoudan du sud
78%
asieafghanistan
77%
asieemirats arabes unis
76%
asiekoweit
76%
afriquegambie
75%
asiesyrie
75%
afriquecameroun
73%
asiejordanie
73%
afriquetogo
73%
asiebahrein
72%
asiemalaisie
72%
afriquetanzanie
71%
asiebangladesh
68%
afriquedjibouti
68%
asieliban
68%
afriquebenin
67%
afriqueburkina
67%
afriqueouganda
66%
afriquesierra leone
63%
afriquezambie
63%
afriquegabon
62%
afriqueliberia
62%
afriquecomores
56%
afriquecentrafrique
52%
asiebirmanie
38%
afriquerepublique du congo
38%
afriquerepublique democratique du congo
37%

Distribution des résultats

Percentile par nombre de réponses

% des personnes avec chaque résultat

Votre développement - résultats

Vous n’avez pas pris ce quiz depuis la dernière actualisation